| 000 | 00826 a2200229 4500 | ||
|---|---|---|---|
| 001 | 36596 | ||
| 005 | 20260407155640.0 | ||
| 008 | 260407a2000 arg spa d | ||
| 003 | AR-UNSa-BCEJYS | ||
| 040 |
_aAR-UNSa-BCEJYS _bspa _cAR-UNSa-BCEJYS |
||
| 080 |
_a657.41 _xContabilidad Financiera |
||
| 245 | 1 | 0 | _aRatios de las empresas más rentables |
| 020 | _a978-84-8088-379-5 | ||
| 264 | 1 |
_aBarcelona : _bGestión 2000 _c2000 |
|
| 300 |
_a164 p. _c25 cm. |
||
| 505 | _a1. Presentación - 2. Análisis sectorial de estados financieros - 3. Metodología utilizada para la obtención de los ratios medios e ideales - 4. Ratios seleccionados - 5. Ratios medios e ideales por actividades | ||
| 041 | _aspa | ||
| 942 | _cBK | ||
| 590 | _aniveau_biblio:m niveau_hierar:0 | ||
| 100 | 1 | _aAmat, Oriol | |
| 700 | 1 | _aFiestas, Ignacio | |
| 999 |
_c2663 _d2663 |
||